[Event "World Rapid Team 2023"]
[Site "Dusseldorf GER"]
[Date "2023.08.28"]
[Round "10.2"]
[Board "1"]
[White "Harikrishna, Pentala"]
[Black "Donchenko, Alexander"]
[Result "1/2-1/2"]
[WhiteTitle "GM"]
[BlackTitle "GM"]
[WhiteElo "2711"]
[BlackElo "2684"]
[WhiteTeam "Team MGD1"]
[BlackTeam "Germany and Friends"]
[WhiteFideId "5007003"]
[BlackFideId "24603295"]
[EventDate "2023.08.26"]

1. Nf3 d5 2. e3 c5 3. b3 Nc6 4. Bb2 a6 5. g3 Nf6 6. Bg2 Bg4 7. h3 Bh5 8. Nc3 e6
9. Ne2 Bd6 10. Nf4 Bxf3 11. Qxf3 Be5 12. Bxe5 Nxe5 13. Qe2 O-O 14. O-O b5 15.
Rfd1 Qb6 16. d4 cxd4 17. exd4 Nc6 18. c3 a5 19. a3 Rfc8 20. b4 Ne7 21. Rac1 axb4
22. axb4 Ra3 23. Qb2 Rca8 24. Ra1 Qa6 25. Rxa3 Qxa3 26. Qxa3 Rxa3 27. Rc1 Nf5
28. Nd3 h5 29. Nc5 g5 30. Bf1 Nd6 31. Bd3 Kg7 32. Kf1 h4 33. gxh4 gxh4 34. Ke2
Nfe4 35. Bxe4 Nxe4 36. Nxe4 dxe4 37. Rg1+ Kf6 38. Rg4 Rxc3 39. Rxh4 1/2-1/2

[Event "World Rapid Team 2023"]
[Site "Dusseldorf GER"]
[Date "2023.08.28"]
[Round "10.2"]
[Board "2"]
[White "Bluebaum, Matthias"]
[Black "Nihal, Sarin"]
[Result "1/2-1/2"]
[WhiteTitle "GM"]
[BlackTitle "GM"]
[WhiteElo "2670"]
[BlackElo "2684"]
[WhiteTeam "Germany and Friends"]
[BlackTeam "Team MGD1"]
[WhiteFideId "24651516"]
[BlackFideId "25092340"]
[EventDate "2023.08.26"]

1. d4 Nf6 2. c4 e6 3. Nc3 Bb4 4. e3 O-O 5. Bd2 c5 6. a3 Bxc3 7. Bxc3 Ne4 8. Ne2
b6 9. d5 Ba6 10. Qd3 exd5 11. Qxd5 Qe7 12. b3 Re8 13. Bb2 Nxf2 14. Kxf2 Qxe3+
15. Ke1 Qxb3 16. Qd2 Bxc4 17. Kf2 d5 18. Rd1 Nc6 19. Nc1 Qa4 20. Bxc4 dxc4 21.
Bxg7 Kxg7 22. Qg5+ Kh8 23. Qf6+ Kg8 24. Qg5+ Kh8 25. Qf6+ 1/2-1/2

[Event "World Rapid Team 2023"]
[Site "Dusseldorf GER"]
[Date "2023.08.28"]
[Round "10.2"]
[Board "4"]
[White "Kollars, Dmitrij"]
[Black "Sadhwani, Raunak"]
[Result "0-1"]
[WhiteTitle "GM"]
[BlackTitle "GM"]
[WhiteElo "2628"]
[BlackElo "2624"]
[WhiteTeam "Germany and Friends"]
[BlackTeam "Team MGD1"]
[WhiteFideId "12909572"]
[BlackFideId "35093487"]
[EventDate "2023.08.26"]

1. e4 e5 2. Nf3 Nc6 3. Bb5 Nf6 4. O-O Nxe4 5. Re1 Nd6 6. a4 Be7 7. Nc3 a6 8. Bf1
O-O 9. Nxe5 Nxe5 10. Rxe5 Ne8 11. Nd5 Bd6 12. Re1 c6 13. Ne3 Be7 14. Nc4 d5 15.
Nb6 Qxb6 16. Rxe7 Be6 17. b3 Nd6 18. Ba3 c5 19. d4 Qd8 20. dxc5 Qxe7 21. cxd6
Qf6 22. Bc5 Rfc8 23. b4 a5 24. Bb5 axb4 25. Bd4 Qf5 26. Qd2 Rxc2 27. Qxb4 Rac8
28. Be3 h6 29. h3 Qe5 30. Rd1 Rd8 31. Bf4 Qf6 32. Bg3 g5 33. Bd3 Ra2 34. a5 h5
35. h4 Bg4 36. hxg5 Qxg5 37. Re1 Qd2 38. Qxd2 Rxd2 39. Bb5 Ra2 40. Re7 Rxa5 41.
d7 Bxd7 42. Bxd7 Rc5 43. Bf5 d4 44. Bc7 Rdd5 45. Be4 Kf8 0-1

[Event "World Rapid Team 2023"]
[Site "Dusseldorf GER"]
[Date "2023.08.28"]
[Round "10.2"]
[Board "5"]
[White "Mammadzada, Gunay"]
[Black "Bashylina, Luisa"]
[Result "1/2-1/2"]
[WhiteTitle "IM"]
[BlackTitle "WFM"]
[WhiteElo "2448"]
[BlackElo "2152"]
[WhiteTeam "Team MGD1"]
[BlackTeam "Germany and Friends"]
[WhiteFideId "13403729"]
[BlackFideId "12983292"]
[EventDate "2023.08.26"]

1. e4 c5 2. Nf3 d6 3. d4 cxd4 4. Nxd4 Nf6 5. Nc3 a6 6. Bd3 e5 7. Nde2 Be7 8. O-O
O-O 9. Ng3 Bg4 10. f3 Be6 11. Nd5 Nxd5 12. exd5 Bxd5 13. Bxh7+ Kxh7 14. Qxd5 Nc6
15. f4 f5 16. Be3 g6 17. Rad1 Qa5 18. Qb3 Qb4 19. Qxb4 Nxb4 20. c3 Nc6 21. Ne2
Rae8 22. Rd5 Rf7 23. Bb6 Bf8 24. g3 exf4 25. Nxf4 g5 26. Ng2 Re5 27. Rd2 Rb5 28.
Be3 Be7 29. c4 Re5 30. b3 Re4 31. Rdf2 Kg6 32. Bd2 Nd4 33. Ne3 f4 34. Nd5 f3 35.
h3 Rh7 36. Kh2 g4 37. Nxe7+ Rhxe7 38. h4 Re2 39. Bc3 Nf5 40. Bd2 R7e4 41. a3 Nd4
42. b4 Nc2 43. Bf4 Rxc4 44. Kg1 d5 45. Rc1 d4 46. Kf1 d3 47. Rd1 Rc3 48. a4 Nxb4
49. Bd2 Rxf2+ 50. Kxf2 Rc2 51. Ke3 Rc4 52. Bxb4 Rxb4 53. Rxd3 Rxa4 54. Rd6+ Kf5
55. Rb6 Ra2 56. Rxb7 Re2+ 57. Kd3 Re6 58. Rb4 Rd6+ 59. Ke3 Re6+ 60. Kd3 Rg6 61.
Ke3 Ke5 62. Ra4 Rf6 63. Ra5+ Ke6 64. Rxa6+ Kf5 65. Ra4 Re6+ 66. Kd3 Rd6+ 67. Ke3
Re6+ 68. Kf2 Re2+ 69. Kf1 Re4 70. Rxe4 Kxe4 71. Kf2 1/2-1/2

[Event "World Rapid Team 2023"]
[Site "Dusseldorf GER"]
[Date "2023.08.28"]
[Round "10.2"]
[Board "6"]
[White "Lobkin, Bohdan"]
[Black "Peter Anand, A"]
[Result "1-0"]
[WhiteElo "1795"]
[BlackElo "1949"]
[WhiteTeam "Germany and Friends"]
[BlackTeam "Team MGD1"]
[WhiteFideId "34115552"]
[BlackFideId "25003801"]
[EventDate "2023.08.26"]

1. e4 c6 2. d4 d5 3. Nc3 dxe4 4. Nxe4 Bf5 5. Ng3 Bg6 6. c3 e6 7. Bd3 Bxd3 8.
Qxd3 Nf6 9. h4 Nbd7 10. Nf3 Qc7 11. Bg5 Bd6 12. Bxf6 Nxf6 13. Ne4 Nxe4 14. Qxe4
Qa5 15. a4 Qd5 16. Qc2 O-O 17. O-O Qh5 18. Rfe1 a5 19. Qb3 Rab8 20. c4 Bc7 21.
Rad1 Rfd8 22. g3 b5 23. axb5 cxb5 24. Kg2 bxc4 25. Qxc4 Bd6 26. d5 e5 27. Re2
Rb4 28. Qa6 Rb3 29. Ng1 Qg6 30. Rc1 Rbb8 31. Rc6 Ra8 32. Qc4 h6 33. Nf3 Qf5 34.
Re4 f6 35. Re2 Kh7 36. Nd2 Bb4 37. Ne4 Qd7 38. Nxf6+ gxf6 39. Rc7 Bd6 40. Rxd7+
Rxd7 41. Qe4+ Kh8 42. Qg6 Rf8 43. Qxh6+ Rh7 44. Qg6 Rg7 45. Qf5 Rd8 46. Qxf6 Rd7
47. h5 Kh7 48. Rc2 e4 49. Rc6 Bc7 50. Qf5+ Kh8 51. Rh6+ Kg8 52. Qe6+ Rdf7 53.
Qc8+ Rf8 54. Rh8+ Kxh8 55. Qxf8+ Kh7 56. d6 Bb6 57. d7 Rg8 58. Qf5+ Kg7 59. Qg6+ 1-0

[Event "World Rapid Team 2023"]
[Site "Dusseldorf GER"]
[Date "2023.08.28"]
[Round "10.3"]
[Board "1"]
[White "Huschenbeth, Niclas"]
[Black "Eljanov, Pavel"]
[Result "1-0"]
[WhiteTitle "GM"]
[BlackTitle "GM"]
[WhiteElo "2603"]
[BlackElo "2695"]
[WhiteTeam "Berlin Chess Federation"]
[BlackTeam "Ashdod Elit Chess Club"]
[WhiteFideId "24604747"]
[BlackFideId "14102951"]
[EventDate "2023.08.26"]

1. d4 d5 2. Nf3 Nf6 3. c3 c5 4. dxc5 e6 5. b4 a5 6. e3 axb4 7. cxb4 b6 8. Bb5+
Bd7 9. Bxd7+ Nbxd7 10. a4 bxc5 11. b5 Bd6 12. O-O O-O 13. Bb2 Ne4 14. Nc3 f5 15.
a5 c4 16. b6 Ndc5 17. Nb5 Nd3 18. Nxd6 Nxd6 19. Bd4 Ra6 20. Ne5 Nxe5 21. Bxe5
Nb7 22. Bc3 Qd7 23. Qd4 Rc8 24. Bb4 Nd8 25. Rfb1 h6 26. h3 Kh7 27. Qd2 Nb7 28.
f3 Qc6 29. Qd4 Rca8 30. Bc3 Qd7 31. e4 fxe4 32. fxe4 Rd8 33. Rf1 Kg8 34. Rf3 Nd6
35. exd5 Nb5 36. Qxc4 exd5 37. Qd3 d4 38. Bd2 1-0

[Event "World Rapid Team 2023"]
[Site "Dusseldorf GER"]
[Date "2023.08.28"]
[Round "10.3"]
[Board "2"]
[White "Volokitin, Andrei"]
[Black "Rabiega, Robert"]
[Result "1-0"]
[WhiteTitle "GM"]
[BlackTitle "GM"]
[WhiteElo "2661"]
[BlackElo "2468"]
[WhiteTeam "Ashdod Elit Chess Club"]
[BlackTeam "Berlin Chess Federation"]
[WhiteFideId "14107090"]
[BlackFideId "4601475"]
[EventDate "2023.08.26"]

1. e4 e5 2. Nf3 Nf6 3. Nxe5 d6 4. Nf3 Nxe4 5. d4 d5 6. Bd3 Bd6 7. O-O O-O 8. c4
c6 9. Re1 Bf5 10. Qb3 Qd7 11. c5 Bc7 12. Nbd2 Re8 13. Nh4 Be6 14. Qc2 Qd8 15.
Nxe4 dxe4 16. Rxe4 Nd7 17. Nf3 h6 18. Bc4 Bxc4 19. Rxe8+ Qxe8 20. Qxc4 Nf6 21.
Bd2 Qd7 22. Re1 Nd5 23. Qe2 Rd8 24. g3 Qh3 25. b4 a6 26. a4 Qd7 27. b5 cxb5 28.
axb5 axb5 29. Rb1 b4 30. Bxb4 Re8 31. Qd3 Qg4 32. Bd2 Bf4 33. Qb3 Rd8 34. Bxf4
Nxf4 35. Ne5 Nh3+ 36. Kg2 Ng5 37. Nxg4 1-0

[Event "World Rapid Team 2023"]
[Site "Dusseldorf GER"]
[Date "2023.08.28"]
[Round "10.3"]
[Board "3"]
[White "Baskin, Robert"]
[Black "Fridman, Daniel"]
[Result "1-0"]
[WhiteTitle "IM"]
[BlackTitle "GM"]
[WhiteElo "2451"]
[BlackElo "2586"]
[WhiteTeam "Berlin Chess Federation"]
[BlackTeam "Ashdod Elit Chess Club"]
[WhiteFideId "24662402"]
[BlackFideId "11600454"]
[EventDate "2023.08.26"]

1. e4 d6 2. d4 Nf6 3. Nc3 g6 4. f4 Bg7 5. Nf3 O-O 6. Bd3 Nc6 7. e5 dxe5 8. fxe5
Nh5 9. Be3 Bg4 10. Be2 f6 11. exf6 Nxf6 12. h3 Bxf3 13. Bxf3 e5 14. Bxc6 bxc6
15. O-O e4 16. Qe2 Qd7 17. Na4 Nh5 18. Nc5 Qe7 19. Rxf8+ Rxf8 20. Rf1 Rxf1+ 21.
Qxf1 Nf6 22. c4 Nd7 23. Nxd7 Qxd7 24. Qf2 a6 25. b3 Qd6 26. Qc2 Bxd4 27. Qxe4 c5
28. Kf2 Kg7 29. Ke2 Bxe3 30. Qxe3 Kf7 31. Qf3+ Ke7 32. Qe4+ Kf6 33. h4 h5 34.
Kf3 Qd4 35. Qxd4+ cxd4 36. Ke4 c5 37. b4 cxb4 38. Kxd4 a5 39. c5 Ke6 40. Kc4 Ke5
41. Kb5 Kd5 42. c6 Kd6 43. Kb6 1-0

[Event "World Rapid Team 2023"]
[Site "Dusseldorf GER"]
[Date "2023.08.28"]
[Round "10.3"]
[Board "4"]
[White "Galperin, Platon"]
[Black "Lagunow, Raphael"]
[Result "1-0"]
[WhiteTitle "GM"]
[BlackTitle "IM"]
[WhiteElo "2566"]
[BlackElo "2413"]
[WhiteTeam "Ashdod Elit Chess Club"]
[BlackTeam "Berlin Chess Federation"]
[WhiteFideId "14165414"]
[BlackFideId "24652644"]
[EventDate "2023.08.26"]

1. d4 Nf6 2. c4 c6 3. Nc3 d5 4. e3 Bf5 5. f3 h5 6. Bd3 Bxd3 7. Qxd3 e6 8. Nge2
Bd6 9. Bd2 Nbd7 10. cxd5 cxd5 11. O-O-O Qb6 12. e4 Bb4 13. Kb1 O-O-O 14. Bf4 Nb8
15. Bg5 dxe4 16. fxe4 Nc6 17. Rc1 Kb8 18. e5 Ng4 19. Bxd8 Rxd8 20. Qf3 Nxd4 21.
Nxd4 Rxd4 22. Qxf7 Nxe5 23. Qxg7 Nc4 24. Na4 Qd8 25. Ka1 b5 26. Nc3 a6 27. Rhf1
Rg4 28. Qh7 Rxg2 29. Rf7 Rxb2 30. Rb7+ Kc8 31. Ra7 Rxa2+ 32. Kxa2 Qd2+ 33. Rc2 1-0

[Event "World Rapid Team 2023"]
[Site "Dusseldorf GER"]
[Date "2023.08.28"]
[Round "10.3"]
[Board "5"]
[White "Paehtz, Elisabeth"]
[Black "Muzychuk, Mariya"]
[Result "0-1"]
[WhiteTitle "GM"]
[BlackTitle "GM"]
[WhiteElo "2471"]
[BlackElo "2511"]
[WhiteTeam "Berlin Chess Federation"]
[BlackTeam "Ashdod Elit Chess Club"]
[WhiteFideId "4641833"]
[BlackFideId "14114550"]
[EventDate "2023.08.26"]

1. d4 Nf6 2. Nf3 d5 3. Bf4 Bf5 4. e3 e6 5. Nbd2 Bd6 6. Bg3 O-O 7. c4 c6 8. Qb3
Bxg3 9. hxg3 Qc7 10. Rc1 Nbd7 11. Bd3 Bxd3 12. Qxd3 h6 13. Rh4 Qd6 14. c5 Qe7
15. Qc3 Rfe8 16. Ne5 Nxe5 17. dxe5 Nd7 18. Ke2 b6 19. Nb3 Qg5 20. Ra4 Qxe5 21.
Qxe5 Nxe5 22. Nd4 Rec8 23. cxb6 axb6 24. Rxa8 Rxa8 25. Nxc6 Nc4 26. Nb4 Nxb2 27.
Rc6 Nc4 28. e4 Ra4 29. a3 Nxa3 30. Rxb6 dxe4 31. Rb8+ Kh7 32. Ke3 Rxb4 0-1

[Event "World Rapid Team 2023"]
[Site "Dusseldorf GER"]
[Date "2023.08.28"]
[Round "10.3"]
[Board "6"]
[White "Blonder, Daniel"]
[Black "Reichmann, Felix"]
[Result "1-0"]
[WhiteElo "1824"]
[BlackElo "1968"]
[WhiteTeam "Ashdod Elit Chess Club"]
[BlackTeam "Berlin Chess Federation"]
[WhiteFideId "2841754"]
[BlackFideId "16238290"]
[EventDate "2023.08.26"]

1. e4 c5 2. c3 Nf6 3. e5 Nd5 4. d4 cxd4 5. Nf3 Nc6 6. Bc4 Nb6 7. Bb3 d6 8. exd6
Qxd6 9. O-O g6 10. Ng5 e6 11. Qf3 Qe7 12. Ne4 f5 13. Ng5 h6 14. Nh3 e5 15. Re1
Be6 16. Bxe6 Qxe6 17. Nf4 Qf6 18. cxd4 e4 19. d5 Nb4 20. Bd2 O-O-O 21. Qc3+ Qxc3
22. Bxc3 Rg8 23. Ne6 Nd3 24. Nxd8 Nxe1 25. Bxe1 Kxd8 26. Nc3 Bg7 27. Nb5 a6 28.
Ba5 axb5 29. Bxb6+ Kd7 30. Rc1 Rc8 31. Rxc8 Kxc8 32. b3 Kd7 33. Bc5 Be5 34. g3
Bd6 35. Bd4 Bc7 36. Bc5 h5 37. Kf1 b6 38. Be3 Bd8 39. Bf4 g5 40. Be5 Bc7 41. Bf6
g4 42. Bg5 Be5 43. Be3 Kc7 44. Ke2 b4 45. Bd2 Bd6 46. Be3 Kb7 47. Bd4 Ka6 48.
Be3 Kb5 49. Bd4 Be7 50. Be3 Bf6 51. Kd2 Be5 52. Ke2 Bc3 53. Kd1 Ka6 54. Ke2 Kb7
55. Bf4 Bd4 56. Bd6 Bc3 57. Ke3 Kc8 58. Kf4 Kd7 59. Be5 Be1 60. Kxf5 Bxf2 61.
Kxe4 Bg1 62. Kf5 Bxh2 63. Kg5 Ke7 64. Kxh5 Kf7 65. Kxg4 Bg1 66. Kf5 Bc5 67. g4
b5 68. g5 Ke7 69. d6+ Ke8 70. Ke6 Be3 71. d7+ Kd8 72. Bf6+ 1-0

[Event "World Rapid Team 2023"]
[Site "Dusseldorf GER"]
[Date "2023.08.28"]
[Round "10.4"]
[Board "1"]
[White "Caruana, Fabiano"]
[Black "Rodshtein, Maxim"]
[Result "1-0"]
[WhiteTitle "GM"]
[BlackTitle "GM"]
[WhiteElo "2782"]
[BlackElo "2606"]
[WhiteTeam "Kompetenzakademie Allstars"]
[BlackTeam "Rishon LeZion Chess Club"]
[WhiteFideId "2020009"]
[BlackFideId "2806851"]
[EventDate "2023.08.26"]

1. d4 Nf6 2. c4 e6 3. Nc3 Bb4 4. e3 O-O 5. a3 Bxc3+ 6. bxc3 c5 7. Ne2 Qa5 8. Bd2
Ne4 9. Ng3 Nxd2 10. Qxd2 Nc6 11. d5 Ne7 12. e4 d6 13. Be2 exd5 14. cxd5 f5 15.
f4 fxe4 16. Nxe4 Qc7 17. O-O h6 18. g4 Ng6 19. f5 Ne5 20. Rf2 Bd7 21. Raf1 Rae8
22. f6 Nc4 23. fxg7 1-0

[Event "World Rapid Team 2023"]
[Site "Dusseldorf GER"]
[Date "2023.08.28"]
[Round "10.4"]
[Board "2"]
[White "Zanan, Evgeny"]
[Black "Aronian, Levon"]
[Result "0-1"]
[WhiteTitle "GM"]
[BlackTitle "GM"]
[WhiteElo "2470"]
[BlackElo "2742"]
[WhiteTeam "Rishon LeZion Chess Club"]
[BlackTeam "Kompetenzakademie Allstars"]
[WhiteFideId "24101940"]
[BlackFideId "13300474"]
[EventDate "2023.08.26"]

1. d4 Nf6 2. c4 e6 3. Nc3 Bb4 4. Qc2 c5 5. dxc5 O-O 6. Nf3 Na6 7. g3 Nxc5 8. Bg2
b6 9. O-O Bb7 10. Nb5 Be4 11. Qd1 Nb7 12. a3 Be7 13. Bf4 d6 14. b4 a6 15. Nc3
Bc6 16. Qb3 Qc8 17. Rac1 h6 18. Rfd1 Qe8 19. Be3 Bd8 20. h3 Rc8 21. Nd4 Bxg2 22.
Kxg2 Nd7 23. Nf3 f5 24. Qa4 Nb8 25. Qxe8 Rxe8 26. Na4 Nd7 27. Nd2 Rc6 28. Nb3
Bf6 29. b5 axb5 30. cxb5 Rxc1 31. Rxc1 Ndc5 32. Naxc5 bxc5 33. Nd2 Ra8 34. Nc4
Kf7 35. f4 Ke8 36. g4 g6 37. Kf2 d5 38. Ne5 d4 39. Bd2 Rxa3 40. Nxg6 Nd6 41. Be1
c4 42. Rb1 Rb3 43. Ra1 Ne4+ 44. Kg2 Rxb5 45. gxf5 exf5 46. h4 h5 47. Ra6 c3 48.
Rc6 Rc5 49. Rxc5 Nxc5 0-1

[Event "World Rapid Team 2023"]
[Site "Dusseldorf GER"]
[Date "2023.08.28"]
[Round "10.4"]
[Board "4"]
[White "Veinberg, Nimrod"]
[Black "Batsiashvili, Nino"]
[Result "1-0"]
[WhiteTitle "IM"]
[BlackTitle "GM"]
[WhiteElo "2417"]
[BlackElo "2474"]
[WhiteTeam "Rishon LeZion Chess Club"]
[BlackTeam "Kompetenzakademie Allstars"]
[WhiteFideId "2810280"]
[BlackFideId "13602993"]
[EventDate "2023.08.26"]

1. d4 d5 2. c4 e6 3. Nc3 Nf6 4. cxd5 exd5 5. Bg5 c6 6. e3 h6 7. Bh4 Be7 8. Bd3
O-O 9. Qc2 Re8 10. Nge2 a5 11. f3 Na6 12. a3 Nc7 13. O-O Ne6 14. Bf2 Nh5 15. Kh1
Bd7 16. Ng3 Nxg3+ 17. Bxg3 Bc8 18. Qf2 Bd6 19. Rad1 Bxg3 20. Qxg3 Qg5 21. Qf2
Qf6 22. Na4 b5 23. Nb6 Rb8 24. Nxc8 Rexc8 25. Rc1 c5 26. dxc5 Nxc5 27. Bb1 Na4
28. Qd2 Rxc1 29. Qxc1 Qxb2 30. Qc7 Rf8 31. Qd6 Qe2 32. Rg1 Re8 33. e4 dxe4 34.
Bxe4 Qc4 35. Qd7 Rf8 36. Bd3 Qc3 37. Qd6 Nc5 38. Bh7+ Kxh7 39. Qxf8 Nd3 40. Rf1
Qd4 41. g3 Qc4 42. Qa8 Nc5 43. Kg2 Qa2+ 44. Rf2 Qxa3 45. Qd5 Qe3 46. Rc2 Ne6 47.
Qf5+ g6 48. Qxf7+ Ng7 49. Qd5 Qe8 50. Rb2 b4 51. Qxa5 Nf5 52. Qxb4 h5 53. Qb7+
Kh6 54. Qe4 Qc8 55. Rb7 Qc5 56. h4 Qd6 57. Qe1 Qd5 58. Qc1+ 1-0

[Event "World Rapid Team 2023"]
[Site "Dusseldorf GER"]
[Date "2023.08.28"]
[Round "10.4"]
[Board "5"]
[White "Tsatsalashvili, Keti"]
[Black "Lahav, Michal"]
[Result "1/2-1/2"]
[WhiteTitle "WGM"]
[BlackTitle "WIM"]
[WhiteElo "2315"]
[BlackElo "2193"]
[WhiteTeam "Kompetenzakademie Allstars"]
[BlackTeam "Rishon LeZion Chess Club"]
[WhiteFideId "13603434"]
[BlackFideId "2813742"]
[EventDate "2023.08.26"]

1. d4 Nf6 2. Nf3 c5 3. d5 e6 4. c4 exd5 5. cxd5 d6 6. Nc3 g6 7. Nd2 Bg7 8. Nc4
O-O 9. Bf4 Ne8 10. g3 Nd7 11. Bg2 Nb6 12. Na3 f5 13. O-O Qe7 14. Qd2 Bd7 15.
Rae1 Be5 16. Bg5 Nf6 17. f4 Bxc3 18. bxc3 Rae8 19. e4 fxe4 20. Bxf6 e3 21. Bxe7
exd2 22. Rd1 Rxe7 23. Rxd2 Re3 24. Rf3 Rfe8 25. Rd3 Re1+ 26. Rf1 Bf5 27. Rd2
R1e3 28. Rc1 Bd3 29. Bf1 Bxf1 30. Kxf1 a6 31. Kf2 Na4 32. Nc4 Rxc3 33. Rxc3 Nxc3
34. Kf3 Nb5 35. a4 Nd4+ 36. Kf2 Rd8 37. a5 Kf7 38. Rb2 Nb5 39. Rb3 Rd7 40. Na3
Nd4 41. Rc3 Re7 42. Nc4 Nb5 43. Re3 Rxe3 44. Kxe3 Ke7 45. Kd3 Nc7 46. Ke4 Ne8
47. Ne3 Nf6+ 48. Kd3 Nd7 49. Nc4 Nf6 50. Ne3 Nd7 51. Nc4 Nf6 1/2-1/2

[Event "World Rapid Team 2023"]
[Site "Dusseldorf GER"]
[Date "2023.08.28"]
[Round "10.5"]
[Board "1"]
[White "Vachier-Lagrave, Maxime"]
[Black "Baklan, Vladimir"]
[Result "1-0"]
[WhiteTitle "GM"]
[BlackTitle "GM"]
[WhiteElo "2739"]
[BlackElo "2550"]
[WhiteTeam "ASV AlphaEchecs Linz"]
[BlackTeam "Ukrainian Amators"]
[WhiteFideId "623539"]
[BlackFideId "14102196"]
[EventDate "2023.08.26"]

1. d4 Nf6 2. c4 e6 3. Nc3 Bb4 4. e3 O-O 5. Bd2 c5 6. a3 Bxc3 7. Bxc3 Ne4 8. Ne2
Qf6 9. f3 Nxc3 10. Nxc3 cxd4 11. Qxd4 Qh6 12. Kf2 Nc6 13. Qd6 f5 14. Rd1 Nd8 15.
c5 Nf7 16. Qc7 b6 17. cxb6 axb6 18. Qxb6 d5 19. Bb5 f4 20. exf4 Qxf4 21. g3 Qh6
22. Kg2 Rd8 23. Rhe1 Qf6 24. Qc7 Rf8 25. f4 Qh6 26. Qe7 Rb8 27. a4 g5 28. f5
exf5 29. Nxd5 f4 30. Qf6 Bb7 31. Kg1 Rfd8 32. Qxh6 Nxh6 33. gxf4 Kh8 34. fxg5
Bxd5 35. gxh6 Rg8+ 36. Kf2 Rbf8+ 37. Ke3 Be4 38. Kxe4 1-0

[Event "World Rapid Team 2023"]
[Site "Dusseldorf GER"]
[Date "2023.08.28"]
[Round "10.5"]
[Board "2"]
[White "Zavgorodniy, Sergiy"]
[Black "Grischuk, Alexander"]
[Result "0-1"]
[WhiteTitle "IM"]
[BlackTitle "GM"]
[WhiteElo "2416"]
[BlackElo "2736"]
[WhiteTeam "Ukrainian Amators"]
[BlackTeam "ASV AlphaEchecs Linz"]
[WhiteFideId "14110148"]
[BlackFideId "4126025"]
[EventDate "2023.08.26"]

1. e4 c5 2. Nf3 d6 3. g3 g6 4. Bg2 Bg7 5. O-O Nc6 6. c3 e5 7. a3 Nge7 8. d3 O-O
9. b4 Be6 10. bxc5 dxc5 11. c4 h6 12. Nc3 f5 13. exf5 gxf5 14. Bb2 Qd6 15. Re1
Rad8 16. Nb5 Qxd3 17. Qxd3 Rxd3 18. Nxe5 Bxe5 19. Bxe5 Bxc4 20. Nd6 Nxe5 21.
Nxc4 Nxc4 22. Rxe7 Rf7 23. Rxf7 Kxf7 24. Bxb7 Ke6 25. Bc8+ Ke5 26. f4+ Ke4 27.
Rc1 Nd6 28. Rxc5 Kf3 29. Ba6 Rd1+ 30. Bf1 Ne4 31. Rc2 Nd2 32. Rc3+ Ke4 33. Kf2
Nxf1 34. Rc8 Nxh2 0-1

[Event "World Rapid Team 2023"]
[Site "Dusseldorf GER"]
[Date "2023.08.28"]
[Round "10.5"]
[Board "3"]
[White "Maghsoodloo, Parham"]
[Black "Gaponenko, Inna"]
[Result "1-0"]
[WhiteTitle "GM"]
[BlackTitle "IM"]
[WhiteElo "2702"]
[BlackElo "2336"]
[WhiteTeam "ASV AlphaEchecs Linz"]
[BlackTeam "Ukrainian Amators"]
[WhiteFideId "12539929"]
[BlackFideId "14101181"]
[EventDate "2023.08.26"]

1. e4 c5 2. Nc3 Nc6 3. Bb5 Nd4 4. Nf3 g6 5. O-O Bg7 6. Re1 Nxb5 7. Nxb5 d6 8. d4
cxd4 9. Nfxd4 Nf6 10. c4 O-O 11. b3 Bd7 12. Nc3 a6 13. a4 Rc8 14. Bb2 Re8 15. h3
Qa5 16. Rc1 Qg5 17. Nf3 Qh5 18. Rc2 Qa5 19. Nd4 e5 20. Nf3 b5 21. Qxd6 Re6 22.
Qd3 bxc4 23. bxc4 Bxa4 24. Nxa4 Qxa4 25. Bxe5 Rce8 26. c5 Rxe5 27. Nxe5 Rxe5 28.
c6 Re8 29. c7 Rc8 30. Qd8+ Qe8 31. Rd1 1-0

[Event "World Rapid Team 2023"]
[Site "Dusseldorf GER"]
[Date "2023.08.28"]
[Round "10.5"]
[Board "4"]
[White "Grineva, Marianna"]
[Black "Bacrot, Etienne"]
[Result "0-1"]
[WhiteTitle "WFM"]
[BlackTitle "GM"]
[WhiteElo "2033"]
[BlackElo "2662"]
[WhiteTeam "Ukrainian Amators"]
[BlackTeam "ASV AlphaEchecs Linz"]
[WhiteFideId "14102013"]
[BlackFideId "605506"]
[EventDate "2023.08.26"]

1. e4 c5 2. Nf3 d6 3. d4 cxd4 4. Nxd4 Nf6 5. Nc3 Nc6 6. Be2 g6 7. Be3 Bg7 8. O-O
O-O 9. f4 Bd7 10. Bf3 Rc8 11. Nb3 a6 12. h3 b5 13. Ne2 a5 14. c3 b4 15. Rc1 bxc3
16. Nxc3 Rb8 17. Qd2 Rb4 18. Rc2 a4 19. Nc1 Na5 20. Nd5 Nxd5 21. exd5 Nc4 22.
Qxb4 Nxe3 23. Rff2 Nxc2 24. Rxc2 Qa8 25. Nd3 Bf5 26. Be4 Rb8 27. Qe1 Qa7+ 28.
Kh2 Bd7 29. a3 Qd4 30. Rc7 Rd8 31. Qb4 Qe3 32. Rc3 Bxc3 33. bxc3 f5 34. Bf3 Qxd3
35. Qb6 Re8 36. Qa7 Bb5 37. Qb6 Qc4 38. Qe3 Bd7 39. Kg3 Kf7 40. h4 h5 41. Qa7
Rd8 42. Qa5 Rc8 43. Qa7 Ke8 44. Qe3 Qxc3 45. Qb6 Qxa3 46. Qd4 Qc3 0-1

[Event "World Rapid Team 2023"]
[Site "Dusseldorf GER"]
[Date "2023.08.28"]
[Round "10.5"]
[Board "5"]
[White "Lagno, Kateryna"]
[Black "Breest, Axel"]
[Result "1-0"]
[WhiteTitle "GM"]
[WhiteElo "2552"]
[BlackElo "1979"]
[WhiteTeam "ASV AlphaEchecs Linz"]
[BlackTeam "Ukrainian Amators"]
[WhiteFideId "14109336"]
[BlackFideId "24682349"]
[EventDate "2023.08.26"]

1. e4 d5 2. exd5 c6 3. dxc6 Nxc6 4. Nf3 e5 5. d3 f5 6. Be2 Nf6 7. O-O Bd6 8. c3
O-O 9. Na3 a6 10. Nc4 Bc7 11. d4 e4 12. Nfe5 Ne7 13. a4 Ned5 14. f4 Bd7 15. Nxd7
Qxd7 16. Ne5 Qd6 17. c4 Nb4 18. Be3 a5 19. Rc1 Rad8 20. d5 Kh8 21. Kh1 Qe7 22.
Bd4 Nfxd5 23. cxd5 Nxd5 24. Bc5 Qe6 25. Bxf8 Nxf4 26. Bxg7+ 1-0

[Event "World Rapid Team 2023"]
[Site "Dusseldorf GER"]
[Date "2023.08.28"]
[Round "10.5"]
[Board "6"]
[White "Vibhor Sharma"]
[Black "Stoettinger, Michael"]
[Result "1-0"]
[WhiteElo "1853"]
[BlackElo "1842"]
[WhiteTeam "Ukrainian Amators"]
[BlackTeam "ASV AlphaEchecs Linz"]
[WhiteFideId "5099366"]
[BlackFideId "1677586"]
[EventDate "2023.08.26"]

1. e4 e5 2. Bc4 Nf6 3. d3 Bc5 4. Nc3 O-O 5. Bg5 h6 6. Bh4 c6 7. Nf3 d6 8. O-O
Be6 9. Bb3 b5 10. d4 Bxb3 11. dxc5 Bc4 12. Re1 b4 13. Na4 Bb5 14. c4 Bxa4 15.
Qxa4 dxc5 16. Nxe5 g5 17. Rad1 Qe8 18. Bg3 Nh5 19. Ng4 Qe6 20. Ne3 Nxg3 21. hxg3
Nd7 22. Nf5 Nb6 23. Qa5 1-0